000 00586nam a2200205Ia 4500
005 20250425161831.0
008 250425s9999 xx 000 0 und d
020 _a9978412719
041 _aspa
082 _a307.72
245 0 _aPRODUCTOS FORESTALES NO MADERABLES: GUIA DE APOYO PARA EL DESARROLLO DE ACTIVIDADES EMPRESARIALES: HERRAMIENTAS DE GESTION
250 _a1A ED.
260 _aEcuador
_bDESARROLLO FORESTAL COMUNAL
_c2000
260 _aS.L.
300 _a43
650 _aDESARROLLO FORESTAL CAMPESINO
650 _aPLANTACIONES
942 _c01
010 _a31748
999 _c217070
_d217070